LEADER 00833nam0-22002771i-450- 001 990003163290403321 035 $a000316329 035 $aFED01000316329 035 $a(Aleph)000316329FED01 035 $a000316329 100 $a20000920d1987----km-y0itay50------ba 101 0 $aeng 102 $aIT 200 1 $aPreferential Tariffs and the "Most Favoured Nation" Principle$eA Note$fK.Gatsios. 210 $aCambridge$cDepartment of Applied Economics$dUniversity of Cambridge$d\February \\1987. 215 $a18 p.$d20 cm 676 $aO/3.32 702 1$aGatsios,$bK. 801 0$aIT$bUNINA$gRICA$2UNIMARC 901 $aBK 912 $a990003163290403321 952 $aA/71 ECO$b5917$fSES 959 $aSES 996 $aPreferential Tariffs and the "Most Favoured Nation" Principle$9458864 997 $aUNINA DB $aING01 LEADER 00620cam 22001937i 4500 001 991004251335107536 005 20220919133431.0 008 941123s-------- e b ita 040 $aBibl. Interfacoltà T. Pellegrino$bita 082 $a230.1 100 0 $aTommaso : d'Aquino$c$0290144 245 1 $aDe regimine principum /$cTommaso di Aquino; traduzione e introduzione di Antero Meozzi 260 $aLanciano :$bCarabba,$c1933 300 $a208 p. ;$c20 cm 490 2 $aCultura dell'anima 700 1 $aMeozzi, Antero 912 $a991004251335107536 996 $aDe regimine principum$919494 997 $aUNISALENTO LEADER 02815 am 2200541 n 450 001 9910495683003321 005 20231012131951.0 010 $a2-39029-093-0 035 $a(CKB)4100000011260107 035 $a(FrMaCLE)OB-pun-5908 035 $a(PPN)244860173 035 $a(EXLCZ)994100000011260107 100 $a20200526j|||||||| ||| 0 101 0 $afre 135 $auu||||||m|||| 200 03$aLa psychologie du combattant et le respect du droit des conflits armés$eÉtude des facteurs pouvant influencer le comportement du combattant au regard du droit international humanitaire$fRobert Remacle, Pauline Warnotte 210 $aNamur$cPresses universitaires de Namur$d2020 215 $a1 online resource (210 p.) 311 $a2-87037-990-0 330 $aCet essai s?adresse à toute personne, civile ou militaire, désirant comprendre les circonstances entourant la commission des crimes de guerre. Il décrit le cadre général dans lequel le combattant évolue durant un conflit armé et décortique les facteurs pouvant le pousser à commettre ou non l?irréparable. Si la guerre est brutale et criminogène, des causes internes et externes au combattant influencent en effet son comportement. Un bref aperçu historique des violations les plus graves du droit des conflits armés éclairera ainsi le lecteur sur leur dure réalité. Qui sont ces combattants ? Des hommes ordinaires ? À quelle discipline sont-ils soumis ? L?obéissance aux ordres connaît-elle des limites ? Quels sont les principaux facteurs fauteurs de crimes de guerre ? Jugement ou impunité ? Comment ont été sanctionnés les crimes de guerre et les crimes contre l?humanité dès la seconde moitié du xxe siècle ? Quelle est l?origine des principaux tribunaux pénaux internationaux et ont-ils un avenir ? Autant de questions auxquelles le présent ouvrage tente d?apporter des réponses claires et pragmatiques. 606 $aLaw 606 $aCriminology & Penology 606 $aarmée 606 $acombattant 606 $adroit international 606 $ahumanitarisme 606 $acrime de guerre 606 $aconflit armé 606 $aguerre 606 $ajugement 615 4$aLaw 615 4$aCriminology & Penology 615 4$aarmée 615 4$acombattant 615 4$adroit international 615 4$ahumanitarisme 615 4$acrime de guerre 615 4$aconflit armé 615 4$aguerre 615 4$ajugement 700 $aRemacle$b Robert$01430442 701 $aWarnotte$b Pauline$01430443 701 $aColette$b Nathalie$01430444 801 0$bFR-FrMaCLE 906 $aBOOK 912 $a9910495683003321 996 $aLa psychologie du combattant et le respect du droit des conflits armés$93570198 997 $aUNINA